000 00759nam a22002297a 4500
999 _c2389
_d2389
005 20230503140513.0
008 230503b ||||| |||| 00| 0 eng d
020 _a9789675815140
040 _cKH8
082 _a813.6 MAR
100 _aMarsoli, Lisa Ann
_d1958-
_eAuthor
245 _aTinker Bell and the great fairy rescue /
_cLisa Ann Marsoli
260 _aPetaling Jaya, Selangor,
_bVoila Sdn Bhd,
_c2010
300 _a 61 unnumbered pages :
_bcolour illustrations ;
_c 26 cm
440 _a Disney's read-aloud storybooks
521 _a Fiction
650 _aChildren stories
_vEnglish
650 _aEnglish fiction
650 _aFairies
710 _aCharacter Building Studio and the Disney Storybook Artists
_eIllustrator
942 _2ddc
_cFIC